000 00702nam a2200241Ia 4500
003 OSt
005 20220925205334.0
006 a|||||r|||| 00| 0
007 ta
008 220923b |||||||| |||| 00| 0 eng d
037 _cGeneral Book
040 _aRTL
_cRTL
_beng
041 _2eng
_aeng
082 _aX:3M24xM18, L6
100 _aChiodi Pietro
_979142
245 0 _aSartre and Marxism. Tr from the Italian by Kate So
260 _aHarvester
_bHarvester Press
_c1976
300 _axiv, 162p
_ccm.
500 _aAppendix p 103-44
650 _aEconomic Classics Karl Marx
_9233100
942 _hX:3M24xM18, L6
_cGB
_2CC
999 _c551851
_d551851